Za akú cenu?

Bibliographic Details
Main Author: Hajduová, Jana (Author)
Format: Article
Language:Slovak
ISSN:1210-1982
Subjects:

MARC

LEADER 00000nab a2200000 ar4500
001 vtls010068406
003 SK-MaSNL
005 20260303050750.0
008 100224c2010 xo |r|||||||||000 b|slo
015 |a SNBRB2010/02  |2 snkbucl 
038 |a SNKBUCL 
040 |a SNKBUCL  |b slo  |c SNKBUCL  |e AACR2 
041 0 |a slo 
044 |a xo  |c SK 
080 |a 82.09:821.112.2 (436)-31  |x (048)  |2 2001 
080 |a 821.112.2 (436)-31  |x (048)  |2 2001 
100 1 |a Hajduová, Jana  |4 aut  |9 317405 
245 1 0 |a Za akú cenu?  |c Jana Hajduová 
650 0 7 |a rakúske romány  |2 snkbucl  |9 993412 
655 7 |a recenzie  |2 snkbucl  |9 21907 
773 0 |t Knižná revue  |g Roč. XX, č. 1 (2010), s. 8  |x 1210-1982 
787 0 8 |i Rec.:  |a Gruber, Sabine  |t Cez noc  |d Bratislava : FO ART, 2009  |z 9788088973560 
852 |a SNK  |b KIS3GCP 
958 |a LX 
958 |a AT 
958 |a RC 
999 |c 1708843  |d 1710773